Relaciones geográficas del arzobispado de México, 1743 / (Record no. 12796)
[ view plain ]
| 000 -LEADER | |
|---|---|
| campo de control de longitud fija | 01207nam a2200301 i 4500 |
| 001 - NÚMERO DE CONTROL | |
| campo de control | 12796 |
| 003 - IDENTIFICADOR DE NÚMERO DE CONTROL | |
| campo de control | ES-MaACL |
| 005 - FECHA Y HORA DE LA ÚLTIMA TRANSACCIÓN | |
| campo de control | 20230906150413.0 |
| 007 - CAMPO FIJO DE DESCRIPCIÓN FÍSICA--INFORMACIÓN GENERAL | |
| campo de control de longitud fija | t| |
| 008 - DATOS DE LONGITUD FIJA--INFORMACIÓN GENERAL | |
| campo de control de longitud fija | 901115s1988 sp a |||| | spa j |
| 020 ## - NÚMERO INTERNACIONAL ESTÁNDAR DEL LIBRO | |
| Número Internacional Estándar del Libro | 84-00-06925-0 |
| 080 ## - NÚMERO DE LA CLASIFICACIÓN DECIMAL UNIVERSAL | |
| Número de la Clasificación Decimal Universal | 972"1525/1821"(093) |
| 080 ## - NÚMERO DE LA CLASIFICACIÓN DECIMAL UNIVERSAL | |
| Número de la Clasificación Decimal Universal | 908(725.1)(049.5) |
| 245 00 - MENCIÓN DEL TÍTULO | |
| Título | Relaciones geográficas del arzobispado de México, 1743 / |
| Mención de responsabilidad, etc. | edición de Francisco de Solano ; preparación y transcripción de los textos, Catalina Romero ... [et al.]. |
| 260 ## - PUBLICACIÓN, DISTRIBUCIÓN, ETC. | |
| Lugar de publicación, distribución, etc. | Madrid : |
| Nombre del editor, distribuidor, etc. | Centro de Estudios Históricos, Departamento de Historia de América, |
| Fecha de publicación, distribución, etc. | 1988. |
| 300 ## - DESCRIPCIÓN FÍSICA | |
| Extensión | 2 v. : |
| Otras características físicas | il. col. ; |
| Dimensiones | 24 cm. |
| 490 1# - MENCIÓN DE SERIE | |
| Mención de serie | Colección Tierra nueva e cielo nuevo ; |
| Designación de volumen o secuencia | 28 |
| 500 ## - NOTA GENERAL | |
| Nota general | En cub.: V Centenario del Descubrimiento de América. |
| 504 ## - NOTA DE BIBLIOGRAFÍA, ETC. | |
| Nota de bibliografía, etc. | Índice. |
| 651 #4 - PUNTO DE ACCESO ADICIONAL DE MATERIA--NOMBRE GEOGRÁFICO | |
| Nombre geográfico | México- |
| Subdivisión general | Historia- |
| Subdivisión cronológica | 1521-1821, Época colonial- |
| Subdivisión de forma | Fuentes. |
| 9 (RLIN) | 158071 |
| 651 #4 - PUNTO DE ACCESO ADICIONAL DE MATERIA--NOMBRE GEOGRÁFICO | |
| Nombre geográfico | México- |
| Subdivisión de forma | Relaciones geográficas. |
| 9 (RLIN) | 9076 |
| 700 1# - ENTRADA AGREGADA--NOMBRE PERSONAL | |
| Nombre de persona | Solano, Francisco de. |
| 9 (RLIN) | 107078 |
| 700 1# - ENTRADA AGREGADA--NOMBRE PERSONAL | |
| Nombre de persona | Romero, Catalina. |
| 9 (RLIN) | 99311 |
| 710 2# - ENTRADA AGREGADA--NOMBRE DE ENTIDAD CORPORATIVA | |
| Nombre de entidad corporativa o nombre de jurisdicción como elemento de entrada | Centro de Estudios Históricos (1985-1999) |
| 9 (RLIN) | 2639 |
| 830 0# - PUNTO DE ACCESO ADICIONAL DE SERIE-TÍTULO UNIFORME | |
| Título uniforme | Colección Tierra nueva e cielo nuevo ; |
| Designación de volumen o secuencia | 28 |
| 9 (RLIN) | 179366 |
| 852 ## - LOCALIZACIÓN | |
| Ubicación | ES-MaACL |
| Número de control de estantería | L-19987-88 |
| Estatus retirado | Estado de pérdida | Estado de daño | No para préstamo | Biblioteca de origen | Biblioteca actual | Ubicación en estantería | Fecha de adquisición | Fuente de adquisición | Total de préstamos | Signatura topográfica completa | Código de barras | Visto por última vez | Precio de reemplazo | Tipo de ítem Koha |
|---|---|---|---|---|---|---|---|---|---|---|---|---|---|---|
| Biblioteca del Ateneo de Madrid | Biblioteca del Ateneo de Madrid | Depósito 2 | 17/01/2008 | L-19987-88 | 1013035 | 23/02/2023 | 23/02/2023 | Libro impreso |
